20 bộ đề đọc hiểu thi năng lực tiếng Anh theo khung năng lực ngoại ngữ 6 bậc Việt Nam (VSTEP) : Trình độ B1-C1
Giới thiệu 20 bộ đề đọc hiểu thi năng lực tiếng Anh theo khung năng lực ngoại ngữ 6 bậc Việt Nam trình độ B1-C1
Đã lưu trong:
| Príomhúdar: | |
|---|---|
| Formáid: | Leabhar |
| Teanga: | Undetermined |
| Foilsithe: |
Thành phố Hồ Chí Minh
Nxb. Đại học Sư phạm Thành phố Hồ Chí Minh
2017
|
| Ábhair: | |
| Clibeanna: |
Cuir Clib Leis
Gan Chlibeanna, Bí ar an gcéad duine leis an taifead seo a chlibeáil!
|
| Thư viện lưu trữ: | Trung tâm Học liệu Trường Đại học Cần Thơ |
|---|
| LEADER | 00977nam a2200217Ia 4500 | ||
|---|---|---|---|
| 001 | CTU_226979 | ||
| 008 | 210402s9999 xx 000 0 und d | ||
| 020 | |c 88000 | ||
| 082 | |a 428.0076 | ||
| 082 | |b L312 | ||
| 100 | |a Võ, Thị Phượng Linh | ||
| 245 | 0 | |a 20 bộ đề đọc hiểu thi năng lực tiếng Anh theo khung năng lực ngoại ngữ 6 bậc Việt Nam (VSTEP) : | |
| 245 | 0 | |b Trình độ B1-C1 | |
| 245 | 0 | |c Võ Thị Phượng Linh, Nguyễn Thị Thu Vân | |
| 260 | |a Thành phố Hồ Chí Minh | ||
| 260 | |b Nxb. Đại học Sư phạm Thành phố Hồ Chí Minh | ||
| 260 | |c 2017 | ||
| 520 | |a Giới thiệu 20 bộ đề đọc hiểu thi năng lực tiếng Anh theo khung năng lực ngoại ngữ 6 bậc Việt Nam trình độ B1-C1 | ||
| 650 | |a Tiếng Anh,English language | ||
| 910 | |b nthai | ||
| 980 | |a Trung tâm Học liệu Trường Đại học Cần Thơ | ||